Truck company fireground operations /

Bibliographic Details
Main Author: Richman, Harold
Format: Book
Language:English
Published: Quincy, Mass. : National Fire Protection Association, [1986]
Edition:2nd ed.
Subjects:

MARC

Tag First Indicator Second Indicator Subfields
LEADER 00000cam a2200000 a 4500
001 in00001546513
005 20151022060557.0
008 851223s1986 maua 001 0 eng
010 |a  85063839  
019 |a 15218090 
020 |a 0877653178 
035 |a (OCoLC)ocm18558222 
040 |a DLC  |c DLC  |d TXA  |d UtOrBLW 
049 |a TXAM 
050 0 0 |a TH9310.5  |b .R53 1986 
082 0 |a 628.9/25  |2 19 
100 1 |a Richman, Harold. 
245 1 0 |a Truck company fireground operations /  |c Harold Richman. 
250 |a 2nd ed. 
264 1 |a Quincy, Mass. :  |b National Fire Protection Association,  |c [1986] 
264 4 |c ©1986 
300 |a xi, 212 pages :  |b illustrations (some color) ;  |c 29 cm. 
336 |a text  |b txt  |2 rdacontent 
337 |a unmediated  |b n  |2 rdamedia 
338 |a volume  |b nc  |2 rdacarrier 
500 |a Includes index. 
650 0 |a Fire extinction. 
650 0 |a Fire engines. 
948 |a cataloged  |b h  |c 2001/1/8  |d c  |e jgreene  |f 6:11:54 pm 
994 |a E0  |b TXA 
999 |a MARS 
999 f f |s 3ef4a089-9ac3-36cd-b52b-79ca77f954f9  |i 07065498-e40f-3ecd-9644-8641c5bba78f  |t 0 
952 f f |p ric  |a Texas A&M University  |b Rellis Campus  |c Joint Library Facility  |d Remote Storage  |t 0  |e TH9310.5 .R53 1986  |h Library of Congress classification  |i unmediated -- volume  |m A14826937387 
998 f f |a TH9310.5 .R53 1986  |t 0  |l Remote Storage